Bombarden, Befestigungen, Büchsenmeister : von den ersten Mauerbrechern der Spätmittelalters zur Belagerungsartillerie der Renaissance ; eine Studie zur Entwicklung der Militärtechnik
Saved in:
| Main Author: | |
|---|---|
| Document Type: | Thesis Book |
| Language: | German |
| Published: |
Düsseldorf
: Droste
, 1977
|
| Subjects: | |
| Online Access: | Inhaltsverzeichnis Inhaltsverzeichnis |
| Related Items: | Rezensiert in:
[Rezension von: Volker Schmidtchen, Bombarden, Befestigungen, Büchsenmeister] |
| Author Notes: | Volker Schmidtchen |
| LEADER | 05175cam a2201021 c 4500 | ||
|---|---|---|---|
| 001 | 010887164 | ||
| 003 | DE-627 | ||
| 005 | 20260609203053.0 | ||
| 007 | tu | ||
| 008 | 710101s1977 gw ||||| m 00| ||ger c | ||
| 015 | |a 78,A05,0736 |2 dnb | ||
| 016 | 7 | |a 780052919 |2 DE-101 | |
| 020 | |a 377000471X |9 3-7700-0471-X | ||
| 035 | |a (DE-627)010887164 | ||
| 035 | |a (DE-603)07970591X | ||
| 035 | |a (DE-576)006302238 | ||
| 035 | |a (DE-599)GBV010887164 | ||
| 035 | |a (OCoLC)1532284785 | ||
| 035 | |a (OCoLC)04033194 | ||
| 035 | |a (OCoLC)1078717353 | ||
| 035 | |a (OCoLC)463110615 | ||
| 035 | |a (DE-604)8027340988 | ||
| 040 | |a DE-627 |b ger |c DE-627 |e rakwb | ||
| 041 | |a ger | ||
| 044 | |c XA-DE | ||
| 050 | 0 | |a U883 | |
| 082 | 0 | |a 358.109 |q OCLC | |
| 084 | |a 20a |a 06a |2 sdnb | ||
| 084 | |a 9,10 |2 ssgn | ||
| 084 | |a MZ 6650 |2 rvk |0 (DE-625)rvk/124002: | ||
| 084 | |a NK 7005 |2 rvk |0 (DE-625)rvk/126151: | ||
| 084 | |a LH 67760 |2 rvk |0 (DE-625)rvk/94688:154 | ||
| 084 | |a 50.91 |2 bkl | ||
| 084 | |a 89.87 |2 bkl | ||
| 100 | 1 | |a Schmidtchen, Volker |d 1945- |0 (DE-588)116788550 |0 (DE-627)078262119 |0 (DE-576)16293744X |4 aut | |
| 245 | 1 | 0 | |a Bombarden, Befestigungen, Büchsenmeister |b von den ersten Mauerbrechern der Spätmittelalters zur Belagerungsartillerie der Renaissance ; eine Studie zur Entwicklung der Militärtechnik |c Volker Schmidtchen |
| 246 | 3 | 0 | |a Büchsenmeister |
| 264 | 1 | |a Düsseldorf |b Droste |c 1977 | |
| 300 | |a 213 S |b zahlr. Ill | ||
| 336 | |a Text |b txt |2 rdacontent | ||
| 337 | |a ohne Hilfsmittel zu benutzen |b n |2 rdamedia | ||
| 338 | |a Band |b nc |2 rdacarrier | ||
| 361 | 1 | |5 DE-35 |y 4282475846 |s 2647 |o Vorbesitz |a Wehrbereichsbibliothek (Hannover) |0 (DE-588)2032223-9 |0 (DE-627)102430195 |0 (DE-576)191836702 | |
| 500 | |a Quellen- und Literaturverz. S. 197 - 206 | ||
| 502 | |a Zugl.: Bochum, Univ., Diss., 1977 | ||
| 583 | 1 | |a Archivierung/Langzeitarchivierung gewährleistet |f SSG |x XA-DE-BW |2 pdager |5 DE-16 | |
| 648 | 7 | |a Geschichte 1400-1600 |2 gnd | |
| 650 | 0 | 7 | |0 (DE-588)4020573-3 |0 (DE-627)106317601 |0 (DE-576)208933883 |a Geschütz |2 gnd |
| 650 | 0 | 7 | |0 (DE-588)4122895-9 |0 (DE-627)105759074 |0 (DE-576)209555130 |a Belagerungstechnik |2 gnd |
| 650 | 4 | |a Geschütz | |
| 650 | 4 | |a Jahrhundert, 15. / Technik, Architektur | |
| 650 | 4 | |a Jahrhundert, 16. / Technik, Architektur | |
| 650 | 4 | |a Jahrhundert, 15. / Wehr- und Kriegswesen | |
| 650 | 4 | |a Jahrhundert, 16. / Wehr- und Kriegswesen | |
| 650 | 4 | |a Büchsenmeister | |
| 650 | 4 | |a Artillerie | |
| 650 | 4 | |a Befestigungsanlage | |
| 653 | 0 | |a Artillery |a History | |
| 653 | 0 | |a Ordnance |a History | |
| 653 | 0 | |a Fortification |a History | |
| 655 | 7 | |a Hochschulschrift |0 (DE-588)4113937-9 |0 (DE-627)105825778 |0 (DE-576)209480580 |2 gnd-content | |
| 689 | 0 | 0 | |d s |0 (DE-588)4069225-5 |0 (DE-627)10413142X |0 (DE-576)209175974 |a Befestigung |2 gnd |
| 689 | 0 | 1 | |d s |0 (DE-588)4122895-9 |0 (DE-627)105759074 |0 (DE-576)209555130 |a Belagerungstechnik |2 gnd |
| 689 | 0 | 2 | |d s |0 (DE-588)4020573-3 |0 (DE-627)106317601 |0 (DE-576)208933883 |a Geschütz |2 gnd |
| 689 | 0 | 3 | |a z |2 gnd |a Geschichte 1400-1600 |
| 689 | 0 | |5 (DE-627) | |
| 751 | |a Bochum |0 (DE-588)4007328-2 |0 (DE-627)106374028 |0 (DE-576)208869697 |4 uvp | ||
| 787 | 0 | 8 | |i Rezensiert in |a Neumann, Hartwig, 1942 - 1992 |t [Rezension von: Volker Schmidtchen, Bombarden, Befestigungen, Büchsenmeister] |d Braubach : Deutsche Burgenvereinigung, 1978 |w (DE-627)1793861129 |
| 856 | 4 | 2 | |u http://d-nb.info/780052919/04 |m B:DE-101 |q pdf/application |v 20161127003401 |x Verlag |3 Inhaltsverzeichnis |7 1 |
| 856 | 4 | 2 | |u http://scans.hebis.de/HEBCGI/show.pl?07970591_toc.pdf |m V:DE-605;X:Imageware |q application/pdf |3 Inhaltsverzeichnis |7 1 |
| 935 | |a BGTS | ||
| 935 | |i Blocktest | ||
| 936 | r | v | |a MZ 6650 |b Gesamtdarstellungen |k Militärwissenschaft |k Heeresgliederung, Truppen- und Waffengattungen |k Heeresgliederung in Truppenteile und Einheiten |k Waffenkunde und Waffentechnik |k Gesamtdarstellungen |0 (DE-627)1270820796 |0 (DE-625)rvk/124002: |0 (DE-576)200820796 |
| 936 | r | v | |a NK 7005 |b Geschichte der Waffen, Rüstungen und Kriegstechniken, Wirtschaftskrieg |k Geschichte |k Weltgeschichte, Darstellungen Allgemeine Geschichte einzelner Staaten und Völker Teilgebiete der Geschichte, Sammelwerke |k Teilgebiete der Geschichte |k Militärgeschichte |k Geschichte der Waffen, Rüstungen und Kriegstechniken, Wirtschaftskrieg |0 (DE-627)127145808X |0 (DE-625)rvk/126151: |0 (DE-576)20145808X |
| 936 | r | v | |a LH 67760 |b allgemein |k Kunstgeschichte |k Allgemeines. Allgemeine Kunstgeschichte |k Kunstgeschichte einzelner Gattungen der Kunst |k Architektur |k Ordnung nach Aufgaben |k Wehrbauten (Burg, Befestigungsbauten, Kriegsbaukunst) |k allgemein |0 (DE-627)1270787403 |0 (DE-625)rvk/94688:154 |0 (DE-576)200787403 |
| 936 | b | k | |a 50.91 |j Wehrtechnik |0 (DE-627)106410504 |
| 936 | b | k | |a 89.87 |j Waffen |j Kampfmittel |q coli-conc RVK->BK |q https://coli-conc.gbv.de/api/mappings/1b7d0d8c-cd36-4e1d-a0de-8b1d7906a086 |0 (DE-627)106423533 |
| 936 | s | n | |a l300 |2 mzub |
| 936 | s | n | |a n100 |2 mzub |
| 936 | s | n | |a m100 |2 mzub |
| 936 | s | n | |a a300 |2 mzub |
| 951 | |a BO | ||
| 990 | |a Befestigung | ||
| 990 | |a Belagerungstechnik | ||
| 990 | |a Geschütz | ||
| 990 | |a Geschichte 1400-1600 | ||
| 991 | |a Rezensiertes Werk | ||
| 999 | |a KXP-PPN010887164 |e 4184330991 | ||


